Introdução à história da filosofia (Record no. 156412)
[ view plain ]
| 000 -LÍDER | |
|---|---|
| campo de controle de tamanho fixo | 00381 a2200157 4500 |
| 001 - NÚMERO DE CONTROLE | |
| campo de controle | 156412 |
| 020 ## - ISBN - INTERNATIONAL STANDARD BOOK NUMBER | |
| ISBN - International Standard Book Number | 8535901701 |
| 040 ## - FONTE DA CATALOGAÇÃO | |
| Instituição que transcreveu o registro | Escola São Tomás de Aquino |
| 100 ## - ENTRADA PRINCIPAL--NOME PESSOAL | |
| Nome pessoal | CHAUI, Marilena |
| 240 10 - TÍTULO UNIFORME | |
| Título uniforme | Introdução à história da filosofia |
| Idioma da obra | por |
| 245 10 - TÍTULO | |
| Título | Introdução à história da filosofia |
| 300 ## - DESCRIÇÃO FÍSICA | |
| Extensão | 539 |
| 362 0# - DATAS DE PUBLICAÇÃO E/OU DESIGNAÇÃO SEQUENCIAL | |
| Datas de publicação e/ou designação sequencial | 2002 |
| 697 ## - ENTRADA DE ASSUNTO LOCAL--ENTIDADE COLETIVA (RLIN) | |
| Nome corporativo ou nome da jurisdição | Filosofia |
| 942 ## - ELEMENTOS DE ENTRADA ADICIONADOS (KOHA) | |
| Tipo de material Koha | Livros |
| Situação do descarte | Situação das perdas | Situação física | Não pode ser emprestado | Biblioteca de origem | Biblioteca atual | Data de aquisição | Total de empréstimos | Número de chamada completo | Código de barras | Data de último acesso | Data do preço efetivo | Tipo de material Koha |
|---|---|---|---|---|---|---|---|---|---|---|---|---|
| ESTA - SÃO BENTO | ESTA - SÃO BENTO | 30/04/2024 | 100 CHA INT | EST00010620 | 30/04/2024 | 30/04/2024 | Livros |